000
00279nam a2200121Ia 4500
008
190216s9999||||xx |||||||||||||| ||und||
100
_a
Radhakrishnan C
245
0
_a
Kadalasu Kappal
260
_b
Current Books
_c
1982
300
_a
91p
650
_a
Malayalam Novel
942
_c
BK
999
_c
26544
_d
26544